Численное решение задачи зажигания плёнки жидкого топлива сфокусированным потоком излучения; Перспективы развития фундаментальных наук

Библиографические подробности
Источник:Перспективы развития фундаментальных наук.— 2010.— [ С. 458-460]
Главный автор: Высокоморная О. В. Ольга Валерьевна
Другие авторы: Стрижак П. А. Павел Александрович (научный руководитель), Кузнецов Г. В. Гений Владимирович
Примечания:Заглавие с экрана
Specialties of combustible liquid ignition by in-focus stream of light radiation are investigated. Conditions, mechanisms and regimes of ignition are established. Dependences of ignition time delay from power and square of radiation coverage on liquid surface are determined
Язык:русский
Опубликовано: 2010
Серии:Математика
Предметы:
Online-ссылка:http://www.lib.tpu.ru/fulltext/c/2010/C21/156.pdf
Формат: Электронный ресурс Статья
Запись в KOHA:https://koha.lib.tpu.ru/cgi-bin/koha/opac-detail.pl?biblionumber=238738

MARC

LEADER 00000nla2a2200000 4500
001 238738
005 20240222064828.0
035 |a (RuTPU)RU\TPU\book\259936 
090 |a 238738 
100 |a 20130530d2010 k y0rusy50 ca 
101 0 |a rus 
102 |a RU 
105 |a y z 101zy 
135 |a drcn ---uucaa 
181 0 |a i  
182 0 |a b 
200 1 |a Численное решение задачи зажигания плёнки жидкого топлива сфокусированным потоком излучения  |d Ignition of liquid fuel by in-focus light radiation stream  |f О. В. Высокоморная, П. А. Стрижак  |g науч. рук. Г. В. Кузнецов 
203 |a Текст  |c электронный 
215 |a 1 файл(295 Кб) 
225 1 |a Математика 
300 |a Заглавие с экрана 
320 |a [Библиогр.: с. 460 (6 назв.)] 
330 |a Specialties of combustible liquid ignition by in-focus stream of light radiation are investigated. Conditions, mechanisms and regimes of ignition are established. Dependences of ignition time delay from power and square of radiation coverage on liquid surface are determined 
337 |a Adobe Reader 
463 1 |0 (RuTPU)RU\TPU\book\256882  |t Перспективы развития фундаментальных наук  |l Prospects of fundamental sciences development  |o сборник научных трудов VII Международной конференция студентов и молодых ученых, г. Томск, 20-23 апреля 2010 г.  |f Национальный исследовательский Томский политехнический университет (ТПУ) ; ред. коллегия Е. А. Вайтулевич ; Г. А. Лямина ; А. В. Коршунов ; А. М. Лидер ; Ю. Р. Цой ; Т. Г. Петрашова ; Г. А. Воронова ; К. В. Карпачева  |v [ С. 458-460]  |d 2010 
510 1 |a Ignition of liquid fuel by in-focus light radiation stream  |z eng 
610 1 |a электронный ресурс 
610 1 |a труды учёных ТПУ 
610 1 |a зажигание 
610 1 |a жидкое топливо 
610 1 |a сфокусированные потоки 
610 1 |a излучение 
700 1 |a Высокоморная  |b О. В.  |c физик  |c доцент Томского политехнического университета, кандидат физико-математических наук   |f 1984-  |g Ольга Валерьевна  |3 (RuTPU)RU\TPU\pers\26480  |9 12182 
701 1 |a Стрижак  |b П. А.  |c специалист в области теплоэнергетики  |c профессор Томского политехнического университета, доктор физико-математических наук  |f 1985-  |g Павел Александрович  |x TPU  |y Томск  |3 (RuTPU)RU\TPU\pers\25983  |9 11832 
702 1 |a Кузнецов  |b Г. В.  |c специалист в области теплоэнергетики  |c профессор Томского политехнического университета, доктор физико-математических наук  |f 1949-  |g Гений Владимирович  |4 727 
801 1 |a RU  |b 63413507  |c 20101016 
801 2 |a RU  |b 63413507  |c 20150312  |g RCR 
856 4 |u http://www.lib.tpu.ru/fulltext/c/2010/C21/156.pdf 
942 |c CF